|
|
|
|
| LEADER |
00000nam0a2200000 4500 |
| 001 |
168258 |
| 005 |
20231031163040.0 |
| 035 |
|
|
|a (RuTPU)RU\TPU\book\182565
|
| 090 |
|
|
|a 168258
|
| 100 |
|
|
|a 20091027d1986 m y0rusy50 ca
|
| 101 |
0 |
|
|a rus
|
| 102 |
|
|
|a BY
|
| 105 |
|
|
|a a z 000ay
|
| 200 |
1 |
|
|a В горецком редколесье
|f Д. Ф. Войстров
|
| 210 |
|
|
|a Минск
|c Беларусь
|d 1986
|
| 215 |
|
|
|a 144 с.
|c ил.
|
| 610 |
1 |
|
|a Великая Отечественная война 1941-1945
|
| 610 |
1 |
|
|a Белоруссия
|
| 610 |
1 |
|
|a партизанские отряды
|
| 610 |
1 |
|
|a партизанское движение
|
| 610 |
1 |
|
|a история
|
| 610 |
1 |
|
|a воспоминания
|
| 675 |
|
|
|a 9(С)27.7
|v 3
|
| 700 |
|
1 |
|a Войстров
|b Д. Ф.
|g Дмитрий Федорович
|
| 801 |
|
1 |
|a RU
|b 63413507
|c 20091027
|
| 942 |
|
|
|c BK
|